000 00791nam a2200205 a 4500
001 BRCA_745
005 20190320203131.0
008 930809s1987 mx-a---##b---#000-0#spa-d
020 _a9688160741
050 4 _aF1386
_b.D57 12
_c1987
100 1 _aNovo, Salvador
_d1904-1974
_9994
245 1 0 _aLa vida en la Ciudad de México en 1824
_cSalvador Novo ; con la colaboración de Miguel Capistrán.
260 _aMéxico
_bDepartamento del Distrito Federal : Secretaría General de Desarrollo Social : Comité Interno de Ediciones Gubernamentales
_c1987
300 _a133 p.
_bil.
_c21 cm.
440 0 _aColección Distrito Federal
_v12
_92467
504 _aIncluye referencias bibliográficas
651 4 _aCiudad de México
_xHistoria
_9691
700 1 _aCapistrán, Miguel
_92468
942 _2lcc
_cB
999 _c644
_d644